000 00573nam a2200181Ia 4500
005 20250508154129.0
008 008 250505s9999 xx 000 0 eng d
037 _aDissertations
040 _aFEDL
_beng
_cFEDL
041 _aeng
_2eng
084 _a371.1, VIN/DI
_qFEDL
245 0 _aStudy of the problems of beginning teachers of girls' higher secondary schools (Delhi) in class-room instruction
260 _c1966
300 _a93th
546 _aM. Ed. Dissertation (Delhi University)
942 _cDIS
_h371.1, VIN/DI
999 _c1347870
_d1347870